| 000 | 00881naa a2200217 i 4500 | ||
|---|---|---|---|
| 001 | BPP | ||
| 003 | BPK | ||
| 005 | 20160108102005.0 | ||
| 008 | 141013s1978 pl f |100 0 pol | ||
| 040 | _cBPK | ||
| 080 | _a62-2 | ||
| 100 |
_aGOSIEWSKI, Zdzisław. _d1974 - 1993. _bWyższa Szkoła Inżynierska w Koszalinie - Instytut Konstrukcji i Eksploatacji Maszyn, _cZakład Maszyn Przemysłu Spożywczego |
||
| 245 |
_aAutomatyczne wyrównoważanie wirników / _cZdzisław Gosiewski. |
||
| 260 | _c1978. | ||
| 500 | _aDane z kartoteki bpp. | ||
| 650 | 0 | _aMaszyny wirnikowe. | |
| 655 | 0 | _aMateriały konferencyjne. | |
| 773 |
_iW : _tDrgania w układach fizycznych : VIII Sympozjum. - _dPoznań : Politechnika Poznańska, 1978. - _gs. 47 |
||
| 711 |
_aSympozjum : Drgania w układach fizycznych _n(8 ; _d1978 ; _cPoznań - Błażejewko, Polska). |
||
| 942 |
_cART _2UKD |
||
| 999 |
_c6650 _d6650 |
||